MARC

LEADER 00000nam0a2200000 4500
001 51784
005 20231031040800.0
035 |a (RuTPU)RU\TPU\book\54211 
090 |a 51784 
100 |a 20030508d1967 k y0rusy50 ca 
101 0 |a rus 
102 |a RU 
105 |a a z 001zy 
200 1 |a Асинхронные микромашины с полым ротором  |e Теория, основы расчета и испытания  |f Е. М. Лопухина, Г. С. Сомихина 
210 |a Москва  |c Энергия  |d 1967 
215 |a 488 с.  |c ил. 
320 |a Библиогр.: с. 483-485 
610 1 |a асинхронные микромашины 
610 1 |a роторы 
610 1 |a теория 
610 1 |a расчеты 
610 1 |a испытания 
610 1 |a математическое моделирование 
610 1 |a проектирование 
610 1 |a исполнительные двигатели 
610 1 |a уравнения 
610 1 |a схемы 
610 1 |a датчики 
610 1 |a тахогенераторы 
610 1 |a лабораторные исследования 
675 |a 621.313.33  |v 3 
700 1 |a Лопухина  |b Е. М.  |g Елена Моисеевна 
701 1 |a Сомихина  |b Г. С.  |g Галина Сергеевна 
801 1 |a RU  |b 63413507  |c 20030508  |g PSBO 
801 2 |a RU  |b 63413507  |c 20220621  |g PSBO 
942 |c BK